Poznámky k projektu povstania

Bibliographic Details
Main Author: Kašpar, Milan (Author)
Format: Article
Language:Slovak
ISBN:8071141275
Subjects:

MARC

LEADER 00000nab a2200000 a 4500
001 vtls000561078
003 SK-MaSNL
005 20260303015428.0
008 180409c1994 xo 0 slo
015 |a SNBRA19rr/mm-uuuuu 
035 |a CL0561216 
040 |a SNKBUCL  |b slo  |c SNKBUCL  |e AACR2 
041 0 |a slo 
044 |a xo  |c SK 
080 |a 943.76"1944"  |2 1981 
080 |a 940.53  |2 1981 
100 1 |a Kašpar, Milan  |4 aut  |9 998303 
245 1 0 |a Poznámky k projektu povstania  |c Milan Kašpar 
650 0 7 |a Slovenské národné povstanie (1944)  |2 snkbucl  |9 177948 
655 7 |a články zo zborníkov  |2 snkbucl  |9 166140 
773 0 |t Dies ater. Nešťastný deň 29. august 1944  |d Bratislava : Lúč, 1994  |g S. 63-66  |z 8071141275 
850 |a Slovenská národná knižnica v Martine  |a MTA001 
852 |a SNK  |b KIS3GCP 
958 |a OS 
958 |a RK 
958 |a SK 
992 |a RZB 
999 |c 1612759  |d 1614689